| Tag |
First Indicator |
Second Indicator |
Subfields |
| LEADER |
00000cas a2200000 a 4500 |
| 001 |
in00002786856 |
| 005 |
20151202172138.0 |
| 006 |
m o d |
| 007 |
cr ||||||||||| |
| 008 |
090224d19681978oncqr poo o 0 0eng d |
| 010 |
|
|
|a 2009235076
|
| 016 |
7 |
|
|a 992908655
|2 DE-101
|
| 016 |
7 |
|
|a 2482152-4
|2 DE-600
|
| 022 |
|
|
|y 0049-6189
|
| 029 |
1 |
|
|a AU@
|b 000043893114
|
| 029 |
1 |
|
|a GWDNB
|b 992908655
|
| 029 |
1 |
|
|a NZ1
|b 13710357
|
| 029 |
1 |
|
|a NZ1
|b 14560902
|
| 035 |
|
|
|a (OCoLC)ocn310470821
|
| 035 |
|
|
|a (OCoLC)310470821
|
| 040 |
|
|
|a EYM
|c EYM
|d HUL
|d GWDNB
|d OCLCQ
|d TXA
|d UtOrBLW
|
| 042 |
|
|
|a lcd
|
| 049 |
|
|
|a TXAM
|
| 050 |
1 |
4 |
|a PN5124.P4
|b V52
|
| 090 |
|
|
|a PN5117
|b .V53 Electronic
|
| 245 |
0 |
0 |
|a Victorian periodicals newsletter.
|
| 264 |
|
1 |
|a Bloomington, Ind. : Michael Wolff,
|b [publisher not identified] ;
|c 1968-1979.
|
| 310 |
|
|
|a Quarterly,
|b Dec. 1973-1978
|
| 321 |
|
|
|a Irregular,
|b 1968-June 1973
|
| 336 |
|
|
|a text
|b txt
|2 rdacontent
|
| 337 |
|
|
|a computer
|b c
|2 rdamedia
|
| 338 |
|
|
|a online resource
|b cr
|2 rdacarrier
|
| 362 |
1 |
|
|a Began with: No. 1 (Jan. 1968); ceased with: Vol. 11, no. 4 (winter 1978) .
|
| 500 |
|
|
|a At head of title, Jan.-Nov. 1968: Victorian studies.
|
| 500 |
|
|
|a Published by: Research Society for Victorian Periodicals, Jan. 1970-June 1973; published: Toronto : University of Toronto, Dec. 1973-winter 1978.
|
| 500 |
|
|
|a Description based on: Number 1 (Jan. 1968); title from title screen (JSTOR, viewed Feb. 24, 2009).
|
| 500 |
|
|
|a Final issue consulted: Volume 11, number 4 (winter 1978) (JSTOR, viewed Feb. 24, 2009).
|
| 515 |
|
|
|a Issues for Jan. 1968-June 1973 called no. 1-20 but constitute v. 1-6, no. 2.
|
| 550 |
|
|
|a Vol. 6-11 published for the Research Society for Victorian Periodicals.
|
| 500 |
|
|
|a Electronic resource.
|
| 650 |
|
0 |
|a English periodicals
|x History
|v Periodicals.
|
| 710 |
2 |
|
|a Research Society for Victorian Periodicals.
|
| 776 |
0 |
8 |
|i Also issued in print:
|t Victorian periodicals newsletter
|x 0049-6189
|w (DLC) 74645503
|w (OCoLC)1794568
|
| 785 |
0 |
0 |
|t Victorian periodicals review (Online)
|w (DLC) 2005242029
|w (OCoLC)60448801
|
| 948 |
|
|
|a cataloged
|b h
|c 2012/12/19
|d c
|e spoltoratski
|f 9:54:01 am
|g sc
|
| 994 |
|
|
|a C0
|b TXA
|
| 999 |
|
|
|a MARS
|
| 999 |
f |
f |
|s 513e0ef3-c04b-381d-9d7b-fa3f9eba9362
|i 89e2f000-64f7-332a-b3b9-5206f30f4f45
|t 0
|
| 952 |
f |
f |
|a Texas A&M University
|b College Station
|c Electronic Resources
|d Available Online
|t 0
|e PN5117 .V53
|g Electronic
|h Library of Congress classification
|
| 998 |
f |
f |
|a PN5117 .V53
|t 0
|l Available Online
|